| 000 | 00694nam a22002292i 4500 | ||
|---|---|---|---|
| 001 | 19853 | ||
| 003 | BD-RjUL | ||
| 005 | 20211209000503.0 | ||
| 008 | 140225s1952 xxk 000 0 eng d | ||
| 035 | _a(BD-RjUL)19914 | ||
| 040 |
_aUKM _cUKM _dEQO _dBD-RjUL _beng |
||
| 041 | _aeng | ||
| 082 |
_a398.220942 _218 _bTAL |
||
| 100 | 1 |
_aWalsh, J. H. _q(John Herbert), _d1911- _960972 |
|
| 245 | 1 | 0 |
_aTales of King Arthur / _cillustrated by Joan Kiddell-Monroe |
| 260 |
_aLondon : _c1952. [reprinted 1955] _bLongmarce, |
||
| 300 |
_a165 p. : _bill. ; _c17 cm |
||
| 650 |
_apoetry _960973 |
||
| 830 | 0 |
_aHeritage of literature series, section A; no. 47 _960979 |
|
| 942 |
_2ddc _cBK |
||
| 999 |
_c19853 _d19853 |
||